000 00278nam a22001217a 4500
020 _a0-85229-163-9
082 _a030 GRE'H
100 _aDOSTOEVSKY, F. M
_977541
245 _aTHE BROTHERS KARAMAZOV
250 _aV-52
260 _aCHICAGO
_bWILLIAM BENTON
_c1952
942 _cBK
999 _c582805
_d582805